Statistics for Movies with Measurement Units in the Title

Click here to take the quiz!

General Stats

  • This quiz has been taken 82 times
  • The average score is 11 of 20

Answer Stats

DateMovie% Correct
2000How the Gr{inch} Stole Christmas
97%
1999The Green {Mile}
96%
1984{Foot}loose
94%
1974The Texas Chainsaw Mass{acre}
94%
2000The Whole Nine {Yard}s
94%
195420,000 {League}s Under the Sea
83%
2020Six {Minute}s to Midnight
83%
1984Romancing the {Stone}
78%
201947 {Meter}s Down: Uncaged
71%
1979Buck Rogers in the 25th {Century}
68%
1967{Hour} of the Gun
61%
1992Split {Second}
58%
194816 {Fathom}s Deep
40%
1969The Big B{ounce}
35%
1956{Ton}s of Trouble
35%
1960The Half {Pint}
21%
1959Night of the {Quart}er Moon
12%
2020{Millennium} Bugs
6%
2013Devil's {Knot}
5%
1956The Re{volt} of Mamie Stover
4%

Score Distribution

Percentile by Number Answered

Percent of People with Each Score

Your Score History

You have not taken this quiz